Southville International School and Colleges
Your cart is empty.
  • Cart
  • Lists
    Public lists Eva Luna New books Lux_list list_1
    Your lists Log in to create your own lists
  • Log in to your account
  • Your cookies
  • Search history
Southville International School and Colleges
  • Advanced search
  • Recent comments
  • Most popular
  • Libraries

Log in to your account

Log in with GOOGLE


If you do not have an external account, but do have a local account, you can still log in:

  1. Home
  2. MARC view: Game time /
Normal view MARC view ISBD view

Game time / (Record no. 105196)

[ view plain ]
MARC details
000 -LEADER
fixed length control field 00664nam a2200205 a 4500
005 - DATE AND TIME OF LATEST TRANSACTION
control field 20140412111344.0
008 - FIXED-LENGTH DATA ELEMENTS--GENERAL INFORMATION
fixed length control field 041005s19uu xx 00 eng d
020 ## - INTERNATIONAL STANDARD BOOK NUMBER
International Standard Book Number 0-06-446732-2
050 ## - LIBRARY OF CONGRESS CALL NUMBER
Classification number TR(GS 513.2'12
Item number M95 2000
100 ## - MAIN ENTRY--PERSONAL NAME
Personal name Murphy, Stuart
245 ## - TITLE STATEMENT
Title Game time /
Statement of responsibility, etc Stuart Murphy.
260 ## - PUBLICATION, DISTRIBUTION, ETC. (IMPRINT)
Place of publication, distribution, etc New york :
Name of publisher, distributor, etc Harper collins,
Date of publication, distribution, etc 2000.
300 ## - PHYSICAL DESCRIPTION
Extent unp.
440 ## - SERIES STATEMENT/ADDED ENTRY--TITLE
Title Mathstart
520 ## - SUMMARY, ETC.
Summary, etc Calendars and clock keep track passing time as the huskies prepare for and complete in the championship soccer against the falcons.
650 ## - SUBJECT ADDED ENTRY--TOPICAL TERM
Topical term or geographic name as entry element Soccer - Fiction
650 ## - SUBJECT ADDED ENTRY--TOPICAL TERM
Topical term or geographic name as entry element Time - Fiction
650 ## - SUBJECT ADDED ENTRY--TOPICAL TERM
Topical term or geographic name as entry element Clocks and watches -- fiction
Holdings
Withdrawn status Lost status Damaged status Home library Current library Shelving location Date acquired Source of acquisition Total Checkouts Full call number Barcode Date last seen Price effective from Koha item type
      Elizalde Library Elizalde Library Teachers Reference Section 10/05/2004     TR(GS 513.2'12 M95 2000 E9555 04/12/2014 04/12/2014 Books

Game time /

APA

Murphy S., . (2000). Game time. New york: Harper collins.

Chicago

Murphy Stuart, . 2000. Game time. New york: Harper collins.

Harvard

Murphy S., . (2000). Game time. New york: Harper collins.

MLA

Murphy Stuart, . Game time. New york: Harper collins. 2000.

  • Place hold
  • Print
  • Cite
  • Add to your cart (remove)
  • Save record
    BIBTEX Dublin Core MARCXML MARC (non-Unicode/MARC-8) MARC (Unicode/UTF-8) MARC (Unicode/UTF-8, Standard) MODS (XML) RIS
  • More searches
    Search for this title in:
    Other Libraries (WorldCat) Other Databases (Google Scholar) Online Stores (Bookfinder.com) Open Library (openlibrary.org)

Exporting to Dublin Core...

SOUTHVILLE LIBRARY

Southville International School and Colleges Library

1281 Tropical Ave. Cor. Luxembourg St., BF Homes International, Las Pinas City

Tel. No. 8256374 / 252358 Loc. 117/146

Powered by Koha